| 000 | 00722nac a22002051u 4500 | ||
|---|---|---|---|
| 008 | 151031b xxua fr 001 0 eng d | ||
| 020 | _a58479864 | ||
| 082 | 0 | 4 |
_a624.183 _bGHO _222 |
| 100 | 1 | _aGhoneim, Mashhour. | |
| 245 | 1 | 0 |
_aDesign Of Reinforced Concrete Structures / _cMashhour Ghoneim, Mahmoud El-Mihilmy. |
| 260 |
_aCairo : _bAl-Balagh Lel Tebaah Wal-Nashr Wattawozea, _cc.2008. |
||
| 300 |
_ai: vii,817p: _bill; _c22cm. |
||
| 500 | _aDistributer: Baccah. | ||
| 511 | _aCatalogued By: Mahitab. | ||
| 650 |
_aReinforced concrete construction. _2BUEsh |
||
| 650 |
_aPrecast concrete construction. _2BUEsh |
||
| 651 | _2BUEsh | ||
| 700 | _aEl-Mihilmy, Mahmoud. | ||
| 942 |
_k624.183 GHO _2ddc _m624.183 GHO |
||
| 999 |
_c21009 _d20981 |
||